00279nam a2200121Ia 4500008004100000100000900041245003600050260002900086300000800115650001000123942000700133999001700140190216s9999||||xx |||||||||||||| ||und|| aNull 0aHindi-Kavyagath Ke Vivith Sopan bMac Millian And Com. Ltd a175 aHindi cBK c16092d16092